Culture Générale - Série 2167 - Statistiques

Statistiques générales
  • Ce quiz a été pris 95 fois
  • Le résultat moyen est 4 sur 10
Statistiques - réponses
Question Réponse % Correct
Qu'est-ce qu'un cirrus ? nuage
83%
Comment a-t-on appelé les 3 guerres qui ont opposé les Romains aux Carthaginois en 264-241 av. J.-C., puis en 218-201 av. J.-C. et enfin en 148-146 av.? puniques
77%
Quel fut le 2° et dernier Président de la 4° République française ? prénom et nom René Coty
68%
Instrument de navigation à réflexion servant à mesurer la distance angulaire entre deux points aussi bien verticalement que horizontalement sextant
49%
Comment appelle-t-on un dromadaire domestique d'Afrique du Nord ? méhari
41%
Dans la banlieue de quelle ville des Etats Unis se trouve la ville-cimetière de Colma ? San Francisco
31%
Créature céleste ailée, que l'on trouve dans la Bible autour du trône de Dieu - 8 lettres commençant par" s " séraphin
22%
Dans la marine, comment appelle-t-on un vent du nord-ouest ? noroït
17%
Par quel nom d'insecte désigne-t-on un un élève en préparation à Polytechnique, Centrale et Normale Sup sciences ? taupin
8%
Comment appelle-t-on également la puce de mer ? voir photo talitre
3%
Aucun quiz correspondant
Distribution des résultats
% des personnes avec chaque résultat
Percentile par nombre de réponses
Votre historique - résultats
Vous n’avez pas pris ce quiz